| 000 | 00473nam a2200157 4500 | ||
|---|---|---|---|
| 001 | 145338 | ||
| 003 | ES-MaACL | ||
| 005 | 20230906201218.0 | ||
| 007 | t| | ||
| 008 | 070214s1927 ag r ||||1| spa d | ||
| 100 | 1 |
_aSparn, Enrique. _9107647 |
|
| 245 | 1 | 4 |
_aLas bibliotecas con cien y más incunables y su distribución gegráfica sobre la tierra / _cEnrique Sparn. |
| 260 |
_aBuenos Aires : _bConi, _c1927. |
||
| 300 |
_a2 v. ; _c25 cm. |
||
| 852 |
_aES-MaACL _j1745-F-15 |
||
| 999 |
_c145338 _d145338 |
||